| 000 | 00377nam a2200157Ia 4500 | ||
|---|---|---|---|
| 008 | 230917s9999||||xx |||||||||||||| ||und|| | ||
| 040 |
_e89125 _aMAIN |
||
| 041 | _aEnglish | ||
| 082 | _a658 R534M | ||
| 100 | _aRobbins, Stephen P | ||
| 245 | 0 | _aManagement | |
| 250 | _a7th ed. | ||
| 260 |
_aNew Delhi _bPrentice Hall of India _c2002 |
||
| 300 | _axix, 674 p. | ||
| 942 | _cBK | ||
| 999 |
_c110732 _d110732 |
||